[Event "Mecklenburg VP VL 1011"]
[Site "Mecklenburg VP"]
[Date "2011.04.10"]
[Round "9.6"]
[White "Friedrich, Paul Robert"]
[Black "Danilov, Vladimir1"]
[Result "1/2-1/2"]
[WhiteElo "1991"]
[BlackElo "1860"]
[PlyCount "99"]
[EventDate "2010.10.10"]
[EventType "team-tourn"]
[EventRounds "9"]
[EventCountry "GER"]
[SourceTitle "EXT 2022"]
[Source "ChessBase"]
[SourceDate "2021.10.06"]
[SourceVersion "1"]
[SourceVersionDate "2021.10.06"]
[SourceQuality "1"]
[WhiteTeam "Neukloster II"]
[BlackTeam "Greifswald II"]
[WhiteTeamCountry "GER"]
[BlackTeamCountry "GER"]

1. d4 Nf6 2. c4 g6 3. Nc3 Bg7 4. e4 d6 5. Be2 0-0 6. Nf3 Nbd7 7. 0-0 e5 8. Re1 c6 9. Bf1 Qc7 10. Be3 Re8 11. d5 c5 12. Nd2 Nf8 13. f3 Nh5 14. b4 b6 15. Rb1 f5 16. bxc5 bxc5 17. exf5 Bxf5 18. Nde4 Bxe4 19. Nxe4 Nf6 20. Bd3 Nxe4 21. Bxe4 Nd7 22. Re2 Rab8 23. Reb2 Rxb2 24. Rxb2 Rb8 25. Rxb8+ Qxb8 26. Qc2 Nf6 27. Bd3 Nh5 28. g3 Nf6 29. Bg5 Qb4 30. Kg2 Kf7 31. h4 Qb8 32. g4 Kf8 33. Bxg6 hxg6 34. Bxf6 Bxf6 35. Qxg6 Qb2+ 36. Kh3 Be7 37. g5 Qf2 38. Qf5+ Ke8 39. Kg4 Qg2+ 40. Kh5 Qf2 41. a4 a5 42. Qg4 Kf8 43. Kh6 Kg8 44. Qc8+ Bf8+ 45. Kg6 Qxf3 46. Qe6+ Kh8 47. h5 Qe4+ 48. Kf7 Qf4+ 49. Kg6 Qe4+ 50. Kf7 1/2-1/2

[Event "Mecklenburg VP VL 1011"]
[Site "Mecklenburg VP"]
[Date "2010.11.14"]
[Round "3.6"]
[White "Ehlers, Michael2"]
[Black "Friedrich, Paul Robert"]
[Result "0-1"]
[WhiteElo "1852"]
[BlackElo "1991"]
[PlyCount "50"]
[EventDate "2010.10.10"]
[EventType "team-tourn"]
[EventRounds "9"]
[EventCountry "GER"]
[SourceTitle "EXT 2022"]
[Source "ChessBase"]
[SourceDate "2021.10.06"]
[SourceVersion "1"]
[SourceVersionDate "2021.10.06"]
[SourceQuality "1"]
[WhiteTeam "Torgelow Droegeheide"]
[BlackTeam "Neukloster II"]
[WhiteTeamCountry "GER"]
[BlackTeamCountry "GER"]

1. e4 e6 2. d4 d5 3. exd5 exd5 4. Bd3 Bd6 5. c3 Ne7 6. Qc2 c6 7. Ne2 Qc7 8. Ng3 h6 9. Be3 Nd7 10. Nd2 Nf6 11. 0-0-0 b6 12. Rde1 Be6 13. Nf3 0-0 14. Kb1 c5 15. Nh4 Ng4 16. Bc1 cxd4 17. h3 Nxf2 18. Nh5 Nxd3 19. Qxd3 Qc4 20. Qc2 dxc3 21. Rxe6 fxe6 22. Bxh6 gxh6 23. Qc1 Qe4+ 24. Ka1 cxb2+ 25. Kxb2 Rf2+ 0-1

[Event "Mecklenburg VP LL 0809"]
[Site "Mecklenburg VP"]
[Date "2009.03.01"]
[Round "7.6"]
[White "Mentel, Juergen"]
[Black "Friedrich, Paul Robert"]
[Result "1-0"]
[WhiteElo "1955"]
[BlackElo "1997"]
[PlyCount "87"]
[EventDate "2008.10.05"]
[EventType "team-tourn"]
[EventRounds "9"]
[EventCountry "GER"]
[SourceTitle "EXT 2022"]
[Source "ChessBase"]
[SourceDate "2021.10.06"]
[SourceVersion "1"]
[SourceVersionDate "2021.10.06"]
[SourceQuality "1"]
[WhiteTeam "Greifswald II"]
[BlackTeam "Neukloster II"]
[WhiteTeamCountry "GER"]
[BlackTeamCountry "GER"]

1. e4 e6 2. d3 c5 3. Nf3 Nc6 4. g3 Nf6 5. Bg2 d5 6. Qe2 Be7 7. 0-0 0-0 8. e5 Nd7 9. c4 Nb6 10. h4 f6 11. exf6 Bxf6 12. Nc3 a6 13. Bd2 Nd4 14. Nxd4 cxd4 15. Nd1 dxc4 16. dxc4 Qe7 17. Rc1 Na4 18. b4 Bd7 19. c5 Rae8 20. c6 bxc6 21. Qxa6 Nb6 22. Qd3 Qd6 23. Ne3 Ra8 24. Rc2 Ra4 25. Nc4 Nxc4 26. Qxc4 d3 27. Rcc1 Bb2 28. Rb1 Bd4 29. Bf4 Rxf4 30. gxf4 Qxf4 31. Qxd3 Rxa2 32. Rbd1 Bxf2+ 33. Kh1 Qxh4+ 34. Qh3 Be8 35. Qxh4 Bxh4 36. Rd6 Rf2 37. Ra1 Kf7 38. Ra7+ Be7 39. Rd4 Rf6 40. Rc4 e5 41. b5 Rh6+ 42. Kg1 e4 43. Rxe4 Re6 44. b6 1-0

[Event "Mecklenburg VP LL 0809"]
[Site "Mecklenburg VP"]
[Date "2008.12.14"]
[Round "4.5"]
[White "Oldach, Ehrenfried"]
[Black "Friedrich, Paul Robert"]
[Result "0-1"]
[WhiteElo "1912"]
[BlackElo "1997"]
[PlyCount "43"]
[EventDate "2008.10.05"]
[EventType "team-tourn"]
[EventRounds "9"]
[EventCountry "GER"]
[SourceTitle "EXT 2022"]
[Source "ChessBase"]
[SourceDate "2021.10.06"]
[SourceVersion "1"]
[SourceVersionDate "2021.10.06"]
[SourceQuality "1"]
[WhiteTeam "Warnemuende SF Ostsee"]
[BlackTeam "Neukloster II"]
[WhiteTeamCountry "GER"]
[BlackTeamCountry "GER"]

1. e4 e6 2. d4 d5 3. Nc3 Nf6 4. Bg5 Be7 5. e5 Nfd7 6. h4 a6 7. Qg4 Bxg5 8. hxg5 c5 9. g6 f5 10. Qg3 h6 11. Nf3 cxd4 12. Nxd4 Nc5 13. 0-0-0 Nc6 14. Rh4 Nxd4 15. Rdxd4 Bd7 16. Kb1 Qe7 17. Rh1 0-0-0 18. Rdh4 Bc6 19. Bd3 Rhg8 20. Ne2 Ne4 21. Bxe4 dxe4 22. Nc3 0-1

[Event "Rostock op"]
[Site "Rostock"]
[Date "2008.08.29"]
[Round "3"]
[White "Friedrich, Paul Robert"]
[Black "Joehn, Justin"]
[Result "1-0"]
[WhiteElo "2043"]
[BlackElo "1635"]
[PlyCount "47"]
[EventDate "2008.08.28"]
[EventType "swiss"]
[EventRounds "7"]
[EventCountry "GER"]
[SourceTitle "CBM 126 Extra"]
[Source "ChessBase"]
[SourceDate "2008.11.05"]
[SourceVersion "1"]
[SourceVersionDate "2008.11.05"]
[SourceQuality "1"]

1. d4 f5 2. c4 Nf6 3. Nc3 g6 4. e3 Bg7 5. Bd3 d6 6. Nf3 Na6 7. 0-0 b6 8. c5 0-0 9. b4 bxc5 10. dxc5 Kh8 11. Ba3 Rb8 12. Qa4 Ne4 13. Nxe4 fxe4 14. Bxe4 Bxa1 15. Rxa1 Qe8 16. Bc6 Qf7 17. Bb5 Qf6 18. Rb1 Qf5 19. e4 Qxe4 20. Re1 Qb7 21. Rxe7 Rxf3 22. Bb2+ Kg8 23. Bc4+ Be6 24. Re8+ 1-0

[Event "Rostock op"]
[Site "Rostock"]
[Date "2008.08.28"]
[Round "1"]
[White "Friedrich, Paul Robert"]
[Black "Pererva, Viktor"]
[Result "1-0"]
[WhiteElo "2043"]
[BlackElo "1486"]
[PlyCount "37"]
[EventDate "2008.08.28"]
[EventType "swiss"]
[EventRounds "7"]
[EventCountry "GER"]
[SourceTitle "CBM 126 Extra"]
[Source "ChessBase"]
[SourceDate "2008.11.05"]
[SourceVersion "1"]
[SourceVersionDate "2008.11.05"]
[SourceQuality "1"]

1. d4 d5 2. c4 c6 3. cxd5 cxd5 4. Bf4 Nf6 5. Nc3 e6 6. e3 Bd7 7. Bd3 a6 8. Nf3 Nc6 9. 0-0 Be7 10. Ne5 0-0 11. Rc1 Rc8 12. Bb1 Re8 13. Qd3 Nb4 14. Qe2 Qb6 15. Bg5 Qc7 16. Bxf6 Bxf6 17. Bxh7+ Kf8 18. Nxd5 Qxc1 19. Nxd7# 1-0

[Event "Oberliga Nord N 0708"]
[Site "Germany"]
[Date "2008.03.09"]
[Round "7.6"]
[White "Kim, Oi Sin"]
[Black "Friedrich, Paul Robert"]
[Result "1-0"]
[WhiteElo "2072"]
[BlackElo "2053"]
[PlyCount "123"]
[EventDate "2007.10.21"]
[EventType "team-tourn"]
[EventRounds "9"]
[EventCountry "GER"]
[SourceTitle "EXT 2009"]
[Source "ChessBase"]
[SourceDate "2008.11.26"]
[SourceVersion "1"]
[SourceVersionDate "2008.11.26"]
[SourceQuality "1"]
[WhiteTeam "Kiel Meerbauer"]
[BlackTeam "Neukloster"]
[WhiteTeamCountry "GER"]
[BlackTeamCountry "GER"]

1. c4 b6 2. d4 Bb7 3. Nc3 Nf6 4. d5 g6 5. e4 d6 6. Bd3 Bg7 7. Bg5 Nbd7 8. Nge2 Rc8 9. Nb5 a6 10. Nbd4 0-0 11. Rc1 Nc5 12. f3 e5 13. Nc2 a5 14. Ne3 Qe8 15. Nc3 Nh5 16. Bc2 f6 17. Bh4 Bh6 18. Bf2 Qe7 19. a3 Nf4 20. 0-0 Rf7 21. b4 axb4 22. axb4 Nd7 23. Ra1 Nf8 24. Ra7 Rb8 25. h4 Bc8 26. Nb5 Qd8 27. Qb1 f5 28. Kh2 Ne2 29. Qe1 Bf4+ 30. Kh1 Bxe3 31. Bxe3 Ng3+ 32. Qxg3 f4 33. Qg5 Qxg5 34. hxg5 fxe3 35. Re1 Rb7 36. Rxe3 Rxa7 37. Nxa7 Ba6 38. Bb3 Kg7 39. Nc6 Bc8 40. Re2 Rf4 41. Kg1 Bd7 42. Nd8 h6 43. gxh6+ Kf6 44. Ra2 Ke7 45. Ra8 Nh7 46. Nc6+ Bxc6 47. dxc6 Rf8 48. Ra7 Rc8 49. Ba4 Nf8 50. Bd1 Ne6 51. f4 exf4 52. Bg4 Rh8 53. Bxe6 Kxe6 54. Rxc7 Rxh6 55. Rb7 Rh8 56. Rxb6 Rc8 57. b5 Ke5 58. Rb7 Kd4 59. c7 Kc5 60. b6 Kc6 61. Rb8 Kd7 62. Kf2 1-0

[Event "GER-chT Lands U20"]
[Site "Verden an der Aller"]
[Date "2007.10.01"]
[Round "4.1"]
[White "Friedrich, Paul Robert"]
[Black "Bracker, Frank"]
[Result "1-0"]
[WhiteElo "2060"]
[BlackElo "2198"]
[PlyCount "89"]
[EventDate "2007.09.29"]
[EventType "team-swiss"]
[EventRounds "7"]
[EventCountry "GER"]
[SourceTitle "CBM 120 Extra"]
[Source "ChessBase"]
[SourceDate "2007.11.01"]
[SourceVersion "1"]
[SourceVersionDate "2007.11.01"]
[SourceQuality "1"]
[WhiteTeam "Mecklenburg Vorpommern"]
[BlackTeam "Hamburg"]
[WhiteTeamCountry "GER"]
[BlackTeamCountry "GER"]

1. d4 Nf6 2. c4 c5 3. d5 e6 4. Nc3 exd5 5. cxd5 d6 6. Nf3 g6 7. Nd2 Nbd7 8. Nc4 Nb6 9. e4 Nxc4 10. Bxc4 Bg7 11. 0-0 0-0 12. Bg5 a6 13. f4 Qe8 14. Re1 b5 15. e5 dxe5 16. Rxe5 Qd7 17. Be2 Bb7 18. Bf3 Qd6 19. Qe2 Rac8 20. Rd1 b4 21. Ne4 Nxe4 22. Be7 Bxe5 23. Bxd6 Bxd6 24. Bxe4 c4 25. Rc1 a5 26. Kf2 Ba6 27. f5 Rfe8 28. Qf3 Be5 29. Rc2 a4 30. f6 b3 31. axb3 axb3 32. Rc3 Rb8 33. g4 Bxc3 34. bxc3 b2 35. Bb1 h6 36. h4 Bc8 37. h5 Kh7 38. Qf4 Rb6 39. hxg6+ fxg6 40. f7 Rf8 41. Qxc4 Rb7 42. Qe4 Rbxf7+ 43. Kg3 Rf2 44. Qxg6+ Kh8 45. Qh7# 1-0

[Event "Mecklenburg VP LL 0607"]
[Site "Mecklenburg VP"]
[Date "2007.03.18"]
[Round "7.6"]
[White "Friedrich, Paul Robert"]
[Black "Wandel, Bernd"]
[Result "0-1"]
[WhiteElo "1931"]
[BlackElo "2085"]
[PlyCount "78"]
[EventDate "2006.10.15"]
[EventType "team-tourn"]
[EventRounds "9"]
[EventCountry "GER"]
[SourceTitle "EXT 2008"]
[Source "ChessBase"]
[SourceDate "2007.11.25"]
[SourceVersion "1"]
[SourceVersionDate "2007.11.25"]
[SourceQuality "1"]
[WhiteTeam "Neukloster"]
[BlackTeam "Schwerin"]
[WhiteTeamCountry "GER"]
[BlackTeamCountry "GER"]

1. d4 Nf6 2. c4 g6 3. Nc3 Bg7 4. e4 d6 5. Be2 0-0 6. Nf3 Nbd7 7. 0-0 c6 8. h3 Re8 9. Be3 e5 10. d5 c5 11. a3 Nh5 12. Ne1 Nf4 13. Nd3 Nxe2+ 14. Qxe2 f5 15. f3 f4 16. Bf2 Nf6 17. b4 b6 18. a4 g5 19. a5 Bd7 20. axb6 axb6 21. bxc5 bxc5 22. Nb5 Qe7 23. Qb2 h5 24. Rxa8 Rxa8 25. Ra1 Rb8 26. Ra5 g4 27. hxg4 hxg4 28. Kf1 Bf8 29. Ke2 Qe8 30. Be1 Qh5 31. Bc3 gxf3+ 32. gxf3 Nxe4 33. Ne1 Nxc3+ 34. Qxc3 e4 35. Qf6 exf3+ 36. Nxf3 Bg4 37. Qxf4 Bg7 38. Ra2 Bxf3+ 39. Qxf3 Re8+ 0-1

[Event "Mecklenburg VP-ch U18"]
[Site "Malchow"]
[Date "2007.02.03"]
[Round "2"]
[White "Hartmann, Elisa"]
[Black "Friedrich, Paul Robert"]
[Result "0-1"]
[WhiteElo "1552"]
[BlackElo "2059"]
[PlyCount "60"]
[EventDate "2007.02.03"]
[EventType "swiss"]
[EventRounds "7"]
[EventCountry "GER"]
[SourceTitle "EXT 2022"]
[Source "ChessBase"]
[SourceDate "2021.10.06"]
[SourceVersion "1"]
[SourceVersionDate "2021.10.06"]
[SourceQuality "1"]

1. e4 c5 2. Nc3 Nc6 3. g3 e6 4. Bg2 g6 5. d3 Bg7 6. Be3 d6 7. f4 Nge7 8. Nf3 0-0 9. h3 Nd4 10. Qd2 Rb8 11. a4 a6 12. Nd1 b5 13. axb5 axb5 14. g4 f5 15. gxf5 exf5 16. Qf2 fxe4 17. dxe4 Nec6 18. c3 Nxf3+ 19. Bxf3 Bb7 20. h4 Bh6 21. h5 Bxf4 22. hxg6 Ne5 23. gxh7+ Kh8 24. Be2 Bxe4 25. Rg1 Bxe3 26. Qxe3 Qh4+ 27. Nf2 Rbe8 28. Qg3 Nf3+ 29. Bxf3 Bxf3+ 30. Kf1 Qc4+ 0-1

[Event "Saarbruecken-chT U20"]
[Site "Saarbruecken"]
[Date "2006.11.21"]
[Round "2.3"]
[White "Friedrich, Paul Robert"]
[Black "Coenen, Michael"]
[Result "0-1"]
[WhiteElo "2059"]
[BlackElo "2122"]
[PlyCount "110"]
[EventDate "2006.11.??"]
[EventType "team-tourn"]
[EventRounds "7"]
[EventCountry "GER"]
[SourceTitle "EXT 2008"]
[Source "ChessBase"]
[SourceDate "2007.11.25"]
[SourceVersion "1"]
[SourceVersionDate "2007.11.25"]
[SourceQuality "1"]

1. d4 Nf6 2. c4 g6 3. Nc3 d5 4. cxd5 Nxd5 5. e4 Nxc3 6. bxc3 Bg7 7. Bc4 0-0 8. Ne2 c5 9. 0-0 Nc6 10. Be3 Bd7 11. Qd2 Rc8 12. Rac1 Qa5 13. Rfd1 Rfd8 14. f4 cxd4 15. cxd4 Qxd2 16. Rxd2 Bg4 17. Kf2 Na5 18. Rdc2 Kf8 19. d5 Nxc4 20. Rxc4 b6 21. Rc7 Bb2 22. R1c2 Rxc7 23. Rxc7 Rc8 24. Rxc8+ Bxc8 25. Bd4 Ba3 26. Nc3 Ba6 27. Nb1 Bc1 28. Be3 Bd3 29. Nc3 Bb2 30. Nd1 Ba3 31. Kf3 Bc4 32. Nc3 Bb4 33. Bd4 Bxc3 34. Bxc3 Bxa2 35. Ke3 Ke8 36. Kd4 Kd7 37. Bb4 a5 38. Bc3 e6 39. Ke5 exd5 40. exd5 Ke7 41. Bd4 f6+ 42. Ke4 b5 43. Bc5+ Kd7 44. Kd4 b4 45. g4 h6 46. h4 h5 47. g5 fxg5 48. fxg5 Kc7 49. Ke5 Bc4 50. Kf6 Bxd5 51. Kxg6 Kc6 52. Bf8 Kb5 53. Kxh5 b3 54. Ba3 Ka4 55. Bb2 Kb4 0-1

[Event "Mecklenburg VP LL 0607"]
[Site "Mecklenburg VP"]
[Date "2006.11.19"]
[Round "3.5"]
[White "Mertin, Jan"]
[Black "Friedrich, Paul Robert"]
[Result "1/2-1/2"]
[WhiteElo "1701"]
[BlackElo "1931"]
[PlyCount "46"]
[EventDate "2006.10.15"]
[EventType "team-tourn"]
[EventRounds "9"]
[EventCountry "GER"]
[SourceTitle "EXT 2008"]
[Source "ChessBase"]
[SourceDate "2007.11.25"]
[SourceVersion "1"]
[SourceVersionDate "2007.11.25"]
[SourceQuality "1"]
[WhiteTeam "Greifswald II"]
[BlackTeam "Neukloster"]
[WhiteTeamCountry "GER"]
[BlackTeamCountry "GER"]

1. e4 c5 2. c4 Nc6 3. g3 g6 4. Nc3 Bg7 5. Bg2 e6 6. Nf3 Nge7 7. 0-0 0-0 8. d3 a6 9. Be3 Nd4 10. Rb1 Nec6 11. Ne2 d6 12. Nh4 Ra7 13. f4 b6 14. Qd2 f5 15. Rbe1 Re7 16. exf5 Nxe2+ 17. Qxe2 Nd4 18. Qd2 exf5 19. Nf3 Nxf3+ 20. Bxf3 Rfe8 21. Bd5+ Be6 22. Bc6 Bd7 23. Bd5+ Be6 1/2-1/2

[Event "Mecklenburg VP LL 0607"]
[Site "Mecklenburg VP"]
[Date "2006.10.29"]
[Round "2.5"]
[White "Friedrich, Paul Robert"]
[Black "Voll, Andreas"]
[Result "1-0"]
[WhiteElo "1931"]
[BlackElo "1931"]
[PlyCount "53"]
[EventDate "2006.10.15"]
[EventType "team-tourn"]
[EventRounds "9"]
[EventCountry "GER"]
[SourceTitle "EXT 2008"]
[Source "ChessBase"]
[SourceDate "2007.11.25"]
[SourceVersion "1"]
[SourceVersionDate "2007.11.25"]
[SourceQuality "1"]
[WhiteTeam "Neukloster"]
[BlackTeam "Schwerin SV Einheit"]
[WhiteTeamCountry "GER"]
[BlackTeamCountry "GER"]

1. d4 d5 2. c4 Nf6 3. cxd5 Nxd5 4. e4 Nb6 5. Nf3 e6 6. Be3 Bb4+ 7. Nc3 0-0 8. Bd3 N8d7 9. 0-0 Re8 10. e5 Be7 11. Rc1 Nf8 12. Bb1 Nd5 13. Nxd5 exd5 14. Ne1 b6 15. f4 c5 16. f5 cxd4 17. Bxd4 Bg5 18. Rc2 Ba6 19. Nd3 Rc8 20. Rxc8 Qxc8 21. Qg4 Bh6 22. e6 Re7 23. Bxg7 Bxg7 24. f6 Ng6 25. fxe7 fxe6 26. Rc1 Qd7 27. Rc7 1-0

[Event "GER-ch U18"]
[Site "Willingen"]
[Date "2006.06.08"]
[Round "8"]
[White "Rafiee, Makan"]
[Black "Friedrich, Paul Robert"]
[Result "0-1"]
[WhiteElo "2044"]
[BlackElo "1985"]
[PlyCount "88"]
[EventDate "2006.06.03"]
[EventType "swiss"]
[EventRounds "9"]
[EventCountry "GER"]
[SourceTitle "EXT 2007"]
[Source "ChessBase"]
[SourceDate "2006.11.23"]
[SourceVersion "1"]
[SourceVersionDate "2006.11.23"]
[SourceQuality "1"]

1. e4 c5 2. Nf3 Nc6 3. d4 cxd4 4. Nxd4 e5 5. Nb5 a6 6. Nd6+ Bxd6 7. Qxd6 Qf6 8. Qd2 Nge7 9. c4 0-0 10. Bd3 b5 11. Nc3 Nd4 12. b3 bxc4 13. Bxc4 Bb7 14. Ba3 d6 15. 0-0 Ng6 16. f3 Rfd8 17. Bd5 Qe7 18. Kh1 Nf4 19. g3 Nxd5 20. exd5 f6 21. Rac1 Rac8 22. Qd3 Qf7 23. Kg2 Bxd5 24. Qxa6 Ra8 25. Qb6 Rdb8 26. Qxd6 Nf5 27. Qc5 Rc8 28. Qb6 Rc6 29. Nxd5 Rxb6 30. Nxb6 Ne3+ 31. Kf2 Nxf1 32. Nxa8 Qa7+ 33. Bc5 Qxa8 34. Kxf1 Qxa2 35. b4 Qxh2 36. Bg1 Qxg3 37. Ke2 Qf4 38. Rc8+ Kf7 39. b5 e4 40. b6 Qxf3+ 41. Ke1 e3 42. Rc2 Qf4 43. Rb2 Qd4 44. Rb3 Qd2+ 0-1

[Event "GER-ch U18"]
[Site "Willingen"]
[Date "2006.06.03"]
[Round "1"]
[White "Baeumler, Ilja"]
[Black "Friedrich, Paul Robert"]
[Result "1-0"]
[WhiteElo "2209"]
[BlackElo "1985"]
[PlyCount "77"]
[EventDate "2006.06.03"]
[EventType "swiss"]
[EventRounds "9"]
[EventCountry "GER"]
[SourceTitle "EXT 2007"]
[Source "ChessBase"]
[SourceDate "2006.11.23"]
[SourceVersion "1"]
[SourceVersionDate "2006.11.23"]
[SourceQuality "1"]

1. e4 c5 2. c3 Nf6 3. e5 Nd5 4. d4 Nc6 5. Nf3 cxd4 6. cxd4 d6 7. Bc4 Nb6 8. Bb3 e6 9. Qe2 Be7 10. 0-0 0-0 11. Nc3 Bd7 12. Qe4 d5 13. Qd3 f5 14. exf6 Bxf6 15. Bc2 g6 16. a3 e5 17. dxe5 Nxe5 18. Nxe5 Bxe5 19. Bb3 Be6 20. Be3 Nc4 21. Bxc4 dxc4 22. Qe4 Qf6 23. f4 Bxc3 24. bxc3 Qf5 25. Qxb7 Bd5 26. Qb1 Qg4 27. Qa2 Rae8 28. Rae1 Rf7 29. Qd2 Qf5 30. Bd4 Rfe7 31. Re5 Rxe5 32. Bxe5 Qe6 33. Qd4 a6 34. Rb1 Rd8 35. Qa7 Rd7 36. Qb8+ Kf7 37. Qh8 h5 38. Rb8 Rd8 39. Qxd8 1-0

[Event "Mecklenburg VP-ch MT"]
[Site "Nakenstorf"]
[Date "2006.04.14"]
[Round "4.4"]
[White "Dettmann, Gerd"]
[Black "Friedrich, Paul Robert"]
[Result "0-1"]
[WhiteElo "2161"]
[BlackElo "1985"]
[PlyCount "72"]
[EventDate "2006.04.13"]
[EventType "swiss"]
[EventRounds "9"]
[EventCountry "GER"]
[SourceTitle "EXT 2022"]
[Source "ChessBase"]
[SourceDate "2021.10.06"]
[SourceVersion "1"]
[SourceVersionDate "2021.10.06"]
[SourceQuality "1"]

1. e4 c5 2. Nf3 Nc6 3. d4 cxd4 4. Nxd4 e5 5. Nb5 a6 6. Nd6+ Bxd6 7. Qxd6 Qf6 8. Qd3 Nge7 9. c4 0-0 10. Nc3 b5 11. Be3 bxc4 12. Qxc4 a5 13. Qe2 Nd4 14. Qd2 d5 15. exd5 Bf5 16. Bd3 Qg6 17. 0-0-0 a4 18. g4 Qxg4 19. Rhg1 Qh3 20. Rg3 Qxh2 21. d6 Ng6 22. Nd5 a3 23. Bxd4 Bxd3 24. Qxd3 exd4 25. Ne7+ Nxe7 26. Rh3 Qf4+ 27. Kb1 Ng6 28. Rdh1 h6 29. d7 Qxf2 30. R3h2 Qe3 31. Qf5 Qe6 32. Qxe6 fxe6 33. Re1 e5 34. Rg2 Nf4 35. Rg4 d3 36. Reg1 Rf7 0-1

[Event "Mecklenburg VP-ch MT"]
[Site "Nakenstorf"]
[Date "2006.04.14"]
[Round "3.8"]
[White "Zentgraf, Robert"]
[Black "Friedrich, Paul Robert"]
[Result "0-1"]
[WhiteElo "2106"]
[BlackElo "1985"]
[PlyCount "116"]
[EventDate "2006.04.13"]
[EventType "swiss"]
[EventRounds "9"]
[EventCountry "GER"]
[SourceTitle "EXT 2022"]
[Source "ChessBase"]
[SourceDate "2021.10.06"]
[SourceVersion "1"]
[SourceVersionDate "2021.10.06"]
[SourceQuality "1"]

1. Nf3 g6 2. e4 Bg7 3. d4 d6 4. Bc4 Nf6 5. Qe2 0-0 6. 0-0 c6 7. a4 Bg4 8. Nbd2 d5 9. exd5 cxd5 10. Bd3 Nc6 11. c3 Qd7 12. Re1 Rfe8 13. Qf1 Bf5 14. Ne5 Bxd3 15. Qxd3 Qc7 16. Ndf3 Nd7 17. Bf4 Ndxe5 18. Nxe5 Nxe5 19. Bxe5 Bxe5 20. Rxe5 e6 21. h4 h5 22. Rae1 Kg7 23. Rg5 Qf4 24. g3 Qc7 25. g4 hxg4 26. Rxg4 f5 27. Rg2 Qf4 28. Re3 Kf6 29. Reg3 Rg8 30. Qe3 Qxe3 31. fxe3 Rg7 32. Kh2 Rh8 33. Rh3 Rc7 34. Kg3 Rc4 35. Kf4 Rxa4 36. Rc2 b5 37. b3 Ra3 38. c4 dxc4 39. bxc4 bxc4 40. Rxc4 Rxh4+ 41. Rxh4 g5+ 42. Kg3 gxh4+ 43. Kxh4 Rxe3 44. Ra4 Rd3 45. Rxa7 Rxd4+ 46. Kg3 Rd3+ 47. Kf2 f4 48. Ra5 e5 49. Ke2 Rb3 50. Rc5 Kf5 51. Rc4 Rb2+ 52. Kf1 f3 53. Rc8 Kf4 54. Rf8+ Ke3 55. Kg1 Rb1+ 56. Kh2 f2 57. Rg8 f1Q 58. Rg3+ Kd4 0-1

[Event "Mecklenburg VP LL 0506"]
[Site "Mecklenburg VP"]
[Date "2006.04.02"]
[Round "9.4"]
[White "Friedrich, Paul Robert"]
[Black "Kupfernagel, Michael"]
[Result "1/2-1/2"]
[WhiteElo "1877"]
[BlackElo "1947"]
[PlyCount "109"]
[EventDate "2005.10.23"]
[EventType "team-tourn"]
[EventRounds "9"]
[EventCountry "GER"]
[SourceTitle "EXT 2008"]
[Source "ChessBase"]
[SourceDate "2007.11.25"]
[SourceVersion "1"]
[SourceVersionDate "2007.11.25"]
[SourceQuality "1"]
[WhiteTeam "Ludwigslust"]
[BlackTeam "Schwerin II"]
[WhiteTeamCountry "GER"]
[BlackTeamCountry "GER"]

1. d4 Nf6 2. c4 g6 3. Nc3 Bg7 4. e4 d6 5. Be2 0-0 6. Nf3 c5 7. 0-0 a6 8. h3 Nbd7 9. Be3 b6 10. e5 Ne8 11. dxc5 bxc5 12. exd6 Nxd6 13. Qc2 Bb7 14. Rad1 Rc8 15. b3 Nf6 16. Nd2 Qa5 17. Bf3 Bxf3 18. Nxf3 Rfd8 19. Rd3 Nf5 20. Rfd1 Nxe3 21. fxe3 Rxd3 22. Qxd3 e6 23. Na4 Bf8 24. e4 Be7 25. Qe3 Rd8 26. Rf1 Kg7 27. Ne5 Qd2 28. Qc3 Qxc3 29. Nxc3 Rd2 30. Rf2 Rxf2 31. Kxf2 Bd6 32. Nd3 Nd7 33. Na4 Kf6 34. Ke3 e5 35. Nc3 Ke6 36. Ne1 f5 37. Nf3 f4+ 38. Ke2 h6 39. Nh4 Kf7 40. Kf3 Be7 41. g3 Bxh4 42. gxh4 Nf8 43. Na4 Ne6 44. Nb2 a5 45. Nd3 Kf6 46. Nf2 h5 47. Nd3 g5 48. Nf2 gxh4 49. Ke2 Ng5 50. Kd3 Ke7 51. Kc3 Kd6 52. a3 Kc6 53. Kb2 Kd6 54. Kc3 Kc6 55. Kb2 1/2-1/2

[Event "Mecklenburg VP LL 0506"]
[Site "Mecklenburg VP"]
[Date "2006.03.12"]
[Round "8.4"]
[White "Krueger, Alexander"]
[Black "Friedrich, Paul Robert"]
[Result "0-1"]
[WhiteElo "1889"]
[BlackElo "1877"]
[PlyCount "152"]
[EventDate "2005.10.23"]
[EventType "team-tourn"]
[EventRounds "9"]
[EventCountry "GER"]
[SourceTitle "EXT 2008"]
[Source "ChessBase"]
[SourceDate "2007.11.25"]
[SourceVersion "1"]
[SourceVersionDate "2007.11.25"]
[SourceQuality "1"]
[WhiteTeam "Warnemuende SF Ostsee"]
[BlackTeam "Ludwigslust"]
[WhiteTeamCountry "GER"]
[BlackTeamCountry "GER"]

1. d4 Nf6 2. c4 g6 3. Nc3 Bg7 4. e4 d6 5. f3 0-0 6. Be3 Nc6 7. Qd2 a6 8. Nge2 Rb8 9. Bh6 b5 10. Bxg7 Kxg7 11. cxb5 axb5 12. d5 Ne5 13. Nd4 b4 14. Ncb5 Bd7 15. Qxb4 e6 16. dxe6 c5 17. Qa4 fxe6 18. Nc2 c4 19. Nca3 Qb6 20. Nxc4 Nxc4 21. Qxc4 Bxb5 22. Qxb5 Qxb5 23. Bxb5 Rxb5 24. 0-0-0 d5 25. exd5 Nxd5 26. b3 Ra8 27. Kb2 Rba5 28. a4 Rb8 29. Ka3 Kf6 30. Rhe1 Rc5 31. Rc1 Rbc8 32. Rxc5 Rxc5 33. Kb2 Nb4 34. Re4 Nd3+ 35. Ka3 Rc2 36. a5 Nc5 37. Rh4 h5 38. b4 Nd7 39. b5 Rxg2 40. b6 Rd2 41. Kb4 Rb2+ 42. Ka3 Rb1 43. Rc4 Nxb6 44. axb6 Rxb6 45. h4 Kf5 46. Rc8 e5 47. Rf8+ Rf6 48. Re8 Kf4 49. Kb3 Kxf3 50. Rxe5 Kg4 51. Re4+ Rf4 52. Re6 Kf5 53. Re8 Rxh4 54. Kc3 Rf4 55. Kd3 h4 56. Ke3 g5 57. Rh8 Kg4 58. Rh7 Kg3 59. Rh6 h3 60. Rh5 g4 61. Rh6 Rf3+ 62. Ke2 h2 63. Ke1 Kg2 64. Ke2 Rh3 65. Rg6 g3 66. Rc6 h1Q 67. Rc2 Qf1+ 68. Ke3+ Kg1 69. Kd2 Rh2+ 70. Kc3 Qf3+ 71. Kb2 Rxc2+ 72. Kxc2 Kh2 73. Kd2 g2 74. Kc2 g1R 75. Kb2 Rg2+ 76. Kc1 Qf1# 0-1